000 00338nam a2200121Ia 4500
008 240731s9999 xx 000 0 und d
022 _a1532-432X
245 0 _aHemoglobin : international journal for hemoglobin research
260 _bTaylor & Francis
856 _uhttps://www.tandfonline.com/loi/ihem20
942 _2ddc
942 _cTFEJ
999 _c76823
_d76823
945 _a1
_bMadushi Gamage
_c1
_dMadushi Gamage